Marques de Bière - Mort Subite - Statistiques

Statistiques générales
  • Ce quiz a été pris 3 455 fois
    2 064 depuis la dernière actualisation
  • Le résultat moyen est 9 sur 30
Answers on the Grid
Answers color-coded by a green-red scale on the quiz's grid according to % correct below.
Heineken
Hoegaarden
Budweiser
Affligem
Bon Secours
Chouffe
Chimay
Desperados
Efes
Forêt
Gauloise
Guinness
Jenlain
La Bête
Leffe
Mort Subite
Quintine
Grimbergen
Paix-Dieu
Tournée Générale
8.4
Velkopopovický Kozel
Carlsberg
BrewDog
Cuvée des Trolls
961
FADA
Corona
Haarddrëch
Kronenbourg
Tourtel Twist
Kilkenny
Fée-Soif
Aberlour
Le Taux
Houblon&Co
Mauresque
Maltese
Belmorth
3 Springs
Corbières
Arcens
Contrex
Grant's
Majeurdome
Skull
Soho
Chardonnay
 
Statistiques - réponses
Réponse % Correct
Heineken
61%
Corona
60%
Leffe
59%
Desperados
56%
Chouffe
54%
Guinness
54%
Kronenbourg
54%
Grimbergen
52%
Affligem
44%
Paix-Dieu
39%
La Bête
37%
Carlsberg
36%
Hoegaarden
36%
Mort Subite
35%
Cuvée des Trolls
34%
Budweiser
33%
Chimay
27%
Gauloise
20%
Jenlain
13%
BrewDog
10%
Bon Secours
9%
961
5%
Efes
5%
Kilkenny
5%
FADA
4%
Haarddrëch
4%
Quintine
4%
Velkopopovický Kozel
2%
Forêt
1%
Tournée Générale
1%
Aucun quiz correspondant
Distribution des résultats
% des personnes avec chaque résultat
Percentile par nombre de réponses
Votre historique - résultats
Vous n’avez pas pris ce quiz depuis la dernière actualisation